La Política energética latinoamericana: entre el Estado y el mercado /
En América Latina, como en ningún otro lugar, la energía es inseparable de la política. El nacionalismo energético, sumado a viejos conflictos territoriales y falta de inversión, genera dificultades para lo que debería ser el objetivo de largo plazo: afianzar un mercado energético común. Se postula...
Guardat en:
| Autor principal: | |
|---|---|
| Format: | Text |
| Matèries: | |
| Etiquetes: |
Afegir etiqueta
Sense etiquetes, Sigues el primer a etiquetar aquest registre!
|
MARC
| LEADER | 00000 a a2200000 04500 | ||
|---|---|---|---|
| 001 | 10816 | ||
| 003 | |||
| 040 | |||
| 100 | |a Linkohr, Rolf | ||
| 245 | |a La Política energética latinoamericana: |b entre el Estado y el mercado / |c Rolf Linkohr | ||
| 500 | |a Resumen también en páginas 205 | ||
| 520 | |a En América Latina, como en ningún otro lugar, la energía es inseparable de la política. El nacionalismo energético, sumado a viejos conflictos territoriales y falta de inversión, genera dificultades para lo que debería ser el objetivo de largo plazo: afianzar un mercado energético común. Se postula que una América Latina energéticamente integrada podría negociar con más fuerza la venta de derechos de emisión de dióxido de carbono a la Unión Europea, avanzar en el desarrollo de la energía nuclear y explorar nuevas fuentes, como los biocombustibles, la energía eólica y la geotérmica | ||
| 650 | |a POLITICA ENERGETICA | ||
| 650 | |a PARTICIPACION DEL ESTADO | ||
| 650 | |a DEMANDA DE ENERGIA | ||
| 650 | |a AMERICA LATINA | ||
| 650 | |a ASPECTOS POLITICOS | ||
| 773 | |g número 204; páginas 90-103 | ||
| 999 | |c 36214 |d 36214 | ||
